Top 15 Celebrities Born In 1947 - Statistics

General Stats
  • This quiz has been taken 180 times
    139 since last reset
  • The average score is 6 of 15
Answer Stats
Picture Answer % Correct
Elton John
95%
Hillary Clinton
93%
Arnold Schwarzenegger
76%
David Bowie
55%
Stephen King
45%
Brian May
44%
Camilla Parker Bowles
38%
Kareem Abdul-Jabbar
38%
Iggy Pop
36%
Richard Dreyfuss
24%
Meat Loaf
19%
James Wood
13%
Alan Thicke
11%
Robert Englund
10%
Richard Jenkins
6%
No matching quizzes found
Score Distribution
Percent of People with Each Score
Percentile by Number Answered
Your Score History
You have not taken this quiz since the last reset